000 00329nam a22001457a 4500
008 210527b ||||| |||| 00| 0 eng d
020 _a045863576606
041 _aeng
080 _a7
082 _a7
100 _a44
101 _aART
245 _aColor Natural Palettes for Painted Rooms
_cDonald Kaufman
942 _2udc
_cBK
999 _c57691
_d57691